Statistics for Countries that haven't been conquered since 1850

Click here to take the quiz!

General Stats

  • This quiz has been taken 41 times
  • The average score is 19 of 26

Answer Stats

YearCountry% Correct
1066United Kingdom
97%
1814Spain
94%
1781United States
94%
1808Portugal
91%
1822Brazil
89%
1523Sweden
89%
1819Colombia
83%
1816Argentina
80%
1825Bolivia
80%
1818Chile
80%
1839Peru
80%
1480Russia
80%
1243San Marino
80%
1830Venezuela
80%
1828Uruguay
77%
1813Andorra
74%
1830Ecuador
74%
1847Liberia
69%
1815Liechtenstein
69%
1815Switzerland
69%
1243Turkey
69%
1838Costa Rica
66%
1838Guatemala
63%
1634Bhutan
43%
1768Nepal
43%
1743Oman
34%

Score Distribution

Percentile by Number Answered

Percent of People with Each Score

Your Score History

You have not taken this quiz